000 00453nam a2200181Ia 4500
001 9544
005 20260306161726.0
008 260306t2010||||xx |||||||||||||| ||spa||
041 _aESP
082 _a382
_bC77
100 _aCornejo Ramírez, Enrique
_eAUT
245 0 _aComercio internacional:
_bhacia una gestión competitiva
260 _c2010
300 _a387 páginas :
_c24 cm.
650 _aGEN
654 _aCAN
942 _cLIB
_dJUS
_fJUS
_2ddc
_n
999 _c9544
_d9544